Najczęściej odwiedzane państwa przez Rosjan w 2018 roku - Statystyki

Ogólne statystyki
  • Ten quiz został rozwiązany 812 razy
  • Średni wynik to 8 z 15
Statystyki odpowiedzi
*Goście przeznaczenie % Poprawnych
829 Polska
95%
1,449 Chiny
87%
950 Niemcy
83%
808 Hiszpania
74%
849 Włochy
68%
2,498 Finlandia
65%
4,907 Turcja
65%
498 Litwa
60%
749 Grecja
59%
1,343 Estonia
53%
418 Bułgaria
35%
794 Tajlandia
23%
695 Cypr
17%
558 Tunezja
14%
645 Zjednoczone Emiraty Arabskie
14%
Nie znaleziono quizów pasujących do podanych kryteriów
Rozkład punktacji
Procent ludzi z każdym wynikiem
Percentyl według liczby udzielonych odpowiedzi
Twoja historia wyników
Nie rozwiązałeś tego quizu